000 00674aam a2200229 4500
005 20161212141347.0
008 150504b xxu||||| |||| 00| 0 spa d
041 _aspa
082 _a1.0.61 M385a
100 _aMartínez, Juan Francisco
_935008
100 _aSolsona Monzonis, Javier
_935009
245 _aAlojamiento turístico rural: gestión y comercialización
260 _aEspaña
_bSintesis
_c2000
300 _a158 páginas
650 _aTURISMO RURAL
_91917
650 _aCOMERCIALIZACIÓN
_93657
650 _aGESTIÓN DEL PRODUCTO
_96760
650 _aCOMPETITIVIDAD
_98420
650 _aGESTIÓN EMPRESARIAL
_92842
650 _aCALIDAD
_92896
942 _cBK
999 _c5103
_d5103